|
|
|
|
| LEADER |
01037nam a2200277 a 4500 |
| 001 |
30127 |
| 003 |
BD-DhAAL |
| 005 |
20151029132740.0 |
| 008 |
151029s2004 mau 001 0 eng |
| 010 |
|
|
|a 2003101690
|
| 020 |
|
|
|a 0312405111
|
| 040 |
|
|
|a DLC
|c DLC
|d DLC
|d BD-DhAAL
|
| 050 |
0 |
0 |
|a PN6014
|b .L55616 2004
|
| 082 |
0 |
0 |
|a 808.8
|2 22
|
| 245 |
0 |
0 |
|a Literature and its writers :
|b a compact introduction to fiction, poetry, and drama /
|c [edited by] Ann Charters, Samuel Charters.
|
| 250 |
|
|
|a 3rd ed.
|
| 260 |
|
|
|a Boston :
|b Bedford/St. Martin's,
|c c2004.
|
| 300 |
|
|
|a xliii, 1722 p. ;
|c 24 cm.
|
| 500 |
|
|
|a Includes index.
|
| 541 |
|
|
|e 30127
|
| 650 |
|
0 |
|a Literature
|v Collections.
|9 14282
|
| 700 |
1 |
|
|a Charters, Ann.
|9 15804
|
| 700 |
1 |
|
|a Charters, Samuel,
|d 1929-2015.
|9 15805
|
| 942 |
|
|
|2 ddc
|c BK
|
| 999 |
|
|
|c 35950
|d 35950
|
| 952 |
|
|
|0 0
|1 0
|2 ddc
|4 0
|6 808_800000000000000_LIT
|7 0
|9 56497
|a BRACUL
|b BRACUL
|c GEN
|d 2015-10-29
|e BIL
|l 2
|m 33
|o 808.8 LIT
|p 3010030127
|r 2025-11-19
|s 2025-06-26
|t 1
|w 2015-10-29
|y BK
|x Transferred from BIL to BRACUL on 06/06/22
|